| 000 | 00666cam a2200217 a 4500 | ||
|---|---|---|---|
| 001 | 000003598 | ||
| 005 | 20200929150509.0 | ||
| 008 | 720410s1960 ve 001 f spa | ||
| 040 |
_aDO-SdBNP _bspa _cBNPHU |
||
| 082 |
_a813.52 _bB261b |
||
| 100 | 1 |
_aBarnes, Djuna. _d1892-1982 _911084 |
|
| 240 | 1 | 0 |
_aNightwood _lEspañol |
| 245 | 1 | 0 |
_aEl bosque de la noche / _cDjuna Barnes ; Traducción, T.S. Eliot. |
| 260 |
_aCaracas : _bMonte Avila, _c1960. |
||
| 300 |
_a174 p. ; _c20 cm. |
||
| 490 | 1 | _aPrisma | |
| 650 | 4 |
_aNovela estadounidense _9262 |
|
| 650 | 4 |
_aLiteratura estadounidense _9263 |
|
| 700 | 1 |
_aEliot, T. S. _d1888-1965. _etr. _911085 |
|
| 830 | 0 |
_aPrisma. _93770 |
|
| 999 |
_c3422 _d3422 |
||